Capitals of Most Visited Countries by JetPunkers - Statistics

General Stats
  • This quiz has been taken 62 times
  • The average score is 17 of 21
Answer Stats
% Country % Correct
57.9 Paris
98%
58.9 London
96%
64.3 Washington D.C.
95%
49.5 Berlin
93%
45.3 Madrid
93%
46.6 Rome
91%
35.2 Ottawa
88%
20.8 Lisbon
86%
20.6 Mexico City
86%
36.0 Amsterdam
84%
32.4 Vienna
79%
19.6 Stockholm
77%
26.4 Athens
75%
19.8 Dublin
75%
33.0 Brussels
73%
22.6 Prague
73%
29.8 Bern
71%
21.1 Copenhagen
66%
17.4 Warsaw
66%
18.8 Ankara
61%
23.3 Vatican City
39%
No matching quizzes found
Score Distribution
Percent of People with Each Score
Percentile by Number Answered
Your Score History
You have not taken this quiz